Total quality management and peratonal excellence : Text with cases

Kaydedildi:
Detaylı Bibliyografya
Yazar:  Oakland, John S
Materyal Türü: Sách
Dil:Undetermined
Baskı/Yayın Bilgisi:  Routledge  2014
Konular:
Etiketler: Etiketle
Etiket eklenmemiş, İlk siz ekleyin!
Thư viện lưu trữ: Trung tâm Thư viện - Trường Đại học Công nghiệp TP. Hồ Chí Minh
LEADER 00537nam a2200157Ia 4500
001 UIH_06340
008 231011s9999 xx 000 0 und d
082 |a  658.4013 
100 |a  Oakland, John S 
245 0 |a  Total quality management and peratonal excellence : Text with cases 
245 0 |c  Oakland, John S 
260 |b  Routledge 
260 |c  2014 
650 |a  Quản lý chất lượng toàn diện;  
927 |a Sách 
980 |a Trung tâm Thư viện - Trường Đại học Công nghiệp TP. Hồ Chí Minh